000 00262nam a22001217a 4500
008 180124b xxu||||| |||| 00| 0 eng d
041 _aeng
080 _a338
100 _a53
101 _aMEN
245 _aWorld class logisitcs
_cConnell,J.H
942 _2udc
_cBK
999 _c40829
_d40829